| 000 | 00556nam a2200205Ia 4500 | ||
|---|---|---|---|
| 005 | 20240424142910.0 | ||
| 008 | 131103s9999 xx 000 0 und d | ||
| 040 | _aLoreto College | ||
| 041 | _aEnglish | ||
| 082 |
_a371.3 _bCHA |
||
| 100 | _aChamberlain, Leo M. | ||
| 245 | 4 |
_aThe Teacher and School Organization _cLeo M. Chamberlain, Leslie W. Kindred |
|
| 260 |
_aNew York _bPrentice-Hall _c1954 |
||
| 300 | _avii,681p. | ||
| 504 | _aIncludes index | ||
| 650 | _aEducation | ||
| 700 | _aKindred, Leslie W. | ||
| 850 | _aLCBED | ||
| 942 | _cBK | ||
| 999 |
_c27414 _d77893 |
||